Posmodernismo, razón y religión
Saved in:
| Main Author: | |
|---|---|
| Format: | Book |
| Language: | Spanish |
| Published: |
Barcelona
Paidós
1994
|
| Series: | Colección Paidós Studio, 105
|
| Subjects: | |
| Tags: |
Add Tag
No Tags, Be the first to tag this record!
|
MARC
| LEADER | 00000nam a2200000 a 4500 | ||
|---|---|---|---|
| 001 | UCP3861 | ||
| 003 | CL-VaPUC | ||
| 008 | 990709e19940000SP |||||||||||||||||spa|d | ||
| 082 | 0 | 4 | |a 172 |b GEL |2 21 |
| 100 | |a Gellner, Ernest |e author |9 535881 | ||
| 245 | 1 | 0 | |a Posmodernismo, razón y religión |
| 300 | |a 125 p | ||
| 942 | |c BK | ||
| 945 | |d 19990709 00:00:00 |a rbrito | ||
| 260 | |a Barcelona |b Paidós |c 1994 | ||
| 650 | 0 | |a Posmodernismo |9 330532 | |
| 650 | 7 | |a FUNDAMENTALISMO RELIGIOSO |2 CL-VaPUC |9 431245 | |
| 650 | 0 | |a Relativismo |9 322356 | |
| 650 | 0 | |a Religión |9 255164 | |
| 583 | |a last modification |c 19990709 00:00:00 |k Rodrigo Vera | ||
| 490 | 0 | |a Colección Paidós Studio, 105 | |
| 999 | |c 282012 |d 282010 | ||
| 952 | |0 0 |1 0 |4 0 |6 172_000000000000000_GEL_1994 |7 0 |8 A |9 323208 |a BIBTEO |b BIBTEO |d 2019-11-20 |i 3521664 |o 172 GEL 1994 |p 3521664 |r 2025-01-17 |w 2019-11-20 |y BK |k ICR | ||